| 000 | 00504nam a22001817a 4500 | ||
|---|---|---|---|
| 003 | NUST | ||
| 005 | 20230225175355.0 | ||
| 008 | 171004b xxu||||| |||| 00| 0 eng d | ||
| 038 | _aNoman | ||
| 040 | _cNUST | ||
| 082 | _a330 | ||
| 100 |
_aSandhu,Anum Khalid _95248 |
||
| 245 | _aRevisiting demographic and Socioeconomic factors affecting fertility in Pakistan | ||
| 260 |
_aIslamabad _c2014 |
||
| 300 | _a50p | ||
| 856 | _uhttp://10.250.8.41:8080/xmlui/handle/123456789/30188 | ||
| 942 |
_2ddc _cTHE |
||
| 999 |
_c331583 _d331583 |
||